000 004670000a22001570004500
003 MACL
005 20180227162701.0
008 180227b xxu||||| |||| 00| 0 eng d
040 _cmacl
100 _aरविन्‍द्र कुमार
_951346
245 _aविषम विभक्ति
260 _bपारस पब्लिकेशन
_c2006
350 _a50
650 _aचिल्‍ड्रन
_970855
942 _cHIN
_k741.642/KUM
_2ddc
999 _c41314
_d41314